| 000 | 00580nam a22001937a 4500 | ||
|---|---|---|---|
| 003 | OSt | ||
| 005 | 20161004141308.0 | ||
| 008 | 161004b xxu||||| |||| 00| 0 eng d | ||
| 020 | _a0443071799 | ||
| 040 | _cDNLM. | ||
| 082 | _aWL101M582n 2007 | ||
| 100 |
_aMicheal-Titus,Adina;Revest,Patricia;shortland,Peter; _911140 |
||
| 245 |
_aThe Nervous system. _bBasic science and Clinical Conditions. |
||
| 260 |
_aLondon. _bChurchill Livingstone; _c2007. |
||
| 300 |
_aix,371p; _bcol,ill; _c28cm. |
||
| 504 | _aincludes index. | ||
| 650 |
_aNervous Systems. _911141 |
||
| 942 |
_2z _cO_SHELF |
||
| 999 |
_c5305 _d5305 |
||